00317nam a2200121Ia 4500008004100000041000800041082001400049100001900063245004400082260003100126300003100157365000700188240624s9999 xx 000 0 und d aeng a658.5 BUF aBUFFA ELWOOD S aMODERN PRODUCTION OPERATIONS MANAGEMENT c2003aNew YorkbJohn Wiley axiv, : 834 : p. : cm. ; 24 cRS